Normal view
MARC view
Entry Personal Name
001 - CONTROL NUMBER
- control field: 22154
003 - CONTROL NUMBER IDENTIFIER
- control field: dpl
005 - DATE AND TIME OF LATEST TRANSACTION
- control field: 20100928120740.0
008 - FIXED-LENGTH DATA ELEMENTS
- fixed length control field: 100928|||a|||||| | ||| d
040 ## - CATALOGING SOURCE
- Original cataloging agency: dpl
- Transcribing agency: dpl
100 ## - HEADING--PERSONAL NAME
- Personal name: दीक्षित, जे.एन.
670 ## - SOURCE DATA FOUND
- Source citation: Work cat.: (dpl)34180: दीक्षित, जे.एन., भारत-पाक संबंधः, 2009
670 ## - SOURCE DATA FOUND
- Source citation: Work cat.: (dpl)34180: दीक्षित, जे.एन., भारत-पाक संबंधः, 2009
